000 00696nam a2200217Ii 4500
001 982
003 CO-ViMGA
008 241108s9999||||xx |||||||||||||| ||und||
020 _a9586483339
040 _aCO-ViMGA
_bspa
_erda
_cCO-ViMGA
041 0 _aspa
082 0 4 _aR 342.023 P25c
100 1 _aRogelio Enrique Peña Peña
_951832
245 1 0 _aConstitución política de Colombia :
_bconcordancia, jurisprudencia, doctrina, comentarios
264 1 _a[Lugar de publicación no identificado] : Ecoe, 2002
300 _avolumen
336 _atext
_btxt
_2rdacontent
337 _aunmediated
_bn
_2rdamedia
338 _avolume
_bnc
_2rdacarrier
940 _aidficha_siabuc: 964. -- ficha_no_siabuc:982
999 _c46591
_d46591